đŸŽ¶ Paroles "La liste" Rose - Statistiques

Statistiques générales
  • Ce quiz a Ă©tĂ© pris 352 fois
  • Le rĂ©sultat moyen est 231 sur 293
Statistiques - réponses
Mots % Correct
[ha ha
100%
ha ha]
100%
ha ya
100%
Ă 
99%
T'
99%
c'
98%
d'
98%
J'
98%
Janis
98%
Joplin
98%
M'
98%
de
97%
De
97%
ce
96%
Je
96%
je
96%
la
96%
Et
95%
Faire
95%
faire
95%
ma
95%
qu'
95%
que
95%
S'
95%
tout
95%
avec
94%
des
94%
le
94%
liste
94%
toi
94%
ai
93%
choses
93%
Est
93%
est
93%
Me
93%
un
93%
veux
92%
en
91%
mon
91%
te
91%
Te
91%
ça
90%
les
90%
par
89%
Aller
88%
aimer
87%
con
87%
ĂȘtre
86%
ne
86%
on
84%
peu
84%
Se
84%
concert
83%
rien
83%
Boire
82%
suis
80%
chez
79%
mieux
79%
vodka
79%
Ikea
78%
mourir
78%
rire
78%
pour
77%
fenĂȘtres
76%
Jeter
76%
Acheter
75%
bien
75%
bonne
75%
puis
75%
avoir
74%
Avoir
74%
ces
74%
chambre
74%
tes
74%
vert
74%
dé-çoit ?
73%
Repeindre
73%
une
73%
chien
72%
peut
72%
trouvé
72%
ordinaire
71%
trouvé
71%
mal
70%
Prendre
70%
prendre
70%
dire
69%
semblant
69%
voudrais
69%
café
68%
Ecouter
68%
paraĂźtre
68%
Pleurer
68%
sur
68%
amour
66%
photo
66%
traiter
66%
jour
65%
métro
65%
toutes
65%
trop
64%
Ecrire
63%
heureux
63%
Mettre
63%
mettre
63%
mots
63%
noir
63%
du
62%
deux
59%
Louer
59%
massacrer
59%
meublé
59%
soupirs
59%
voiles
57%
petite
56%
Aspirer
55%
quand
55%
Regarder
55%
regarder
55%
fille
54%
beaucoup
53%
retard
53%
sais
53%
envieux.
52%
lever
52%
Emmerder
51%
non
51%
ton
51%
toujours
51%
trottoir
49%
Fumer
48%
fumer
48%
vélo
48%
Danser
47%
décolleté
47%
dormir
47%
spleen
47%
passer
46%
coeur
44%
exhaustive
44%
permis
44%
comptoir
43%
Jouer
42%
guitare
41%
dresser
40%
enfermer
40%
pardon
40%
demander
39%
naĂŻve
38%
erreurs
37%
Pardonner
33%
saouls
33%
embrasser
32%
guérir
30%
caddie
29%
partout
29%
infos
26%
serrer
26%
soupçons
20%
Eveiller
18%
Remplir
18%
Aucun quiz correspondant
Distribution des résultats
% des personnes avec chaque résultat
Percentile par nombre de réponses
Votre historique - résultats
Vous n’avez pas pris ce quiz